|
|
|
|
| LEADER |
00000nam a2200000Ia 4500 |
| 008 |
180822b1996 gt ||||| |||| 00| | spa d |
| 999 |
|
|
|c 2114
|d 2114
|
| 090 |
|
|
|a 14.02.02
|b 148
|
| 110 |
|
|
|a Comisión pro-convención sobre los derechos de la niñez. Sub-comisión regional
|
| 245 |
1 |
0 |
|a Entre el olvido y la esperanza : la niñez de Guatemala
|c Comisión pro-convención sobre los derechos de la niñez.
|
| 260 |
|
|
|a Guatemala :
|b HIGSA GALA,
|c 1996
|
| 300 |
|
|
|a 280 páginas
|
| 650 |
1 |
4 |
|a NIÑOS
|9 59
|
| 650 |
1 |
4 |
|a NIÑAS
|9 60
|
| 650 |
1 |
4 |
|a ADOLESCENTES
|9 5
|
| 650 |
1 |
4 |
|a DERECHOS HUMANOS
|9 588
|
| 650 |
1 |
4 |
|a DERECHOS DEL NIÑO
|9 570
|
| 650 |
|
1 |
|a ASPECTOS DEMOGRÁFICOS
|9 362
|
| 650 |
1 |
4 |
|a ASPECTOS ECONÓMICOS
|9 973
|
| 650 |
1 |
4 |
|a ASPECTOS POLITICOS
|
| 650 |
1 |
4 |
|a FAMILIA
|9 404
|
| 650 |
1 |
4 |
|a SALUD PÚBLICA
|9 444
|
| 650 |
1 |
4 |
|a EDUCACIÓN
|9 1
|
| 650 |
1 |
4 |
|a CULTURA
|9 378
|
| 650 |
1 |
4 |
|a NIÑOS DE LA CALLE
|9 4125
|
| 650 |
1 |
4 |
|a VIOLENCIA
|9 71
|
| 651 |
|
4 |
|a GUATEMALA
|9 989
|
| 942 |
|
|
|i 001176
|h 14.02.02 148
|2 z
|c 01
|